00425nam a2200133Ia 4500008004100000041000800041082001700049100003700066245012300103250000600226260003800232300001200270650000900282210716s1989 xx 000 0 und d aeng a005.363 BLOE aBloom, Eric P; Soybel, Jeremy G. aTurbo pascal trilogy: a complete library for turbo pascal programmers.bComplete library for turbo pascal programmers. a1 aNew DelhibBPB Publicationsc1989 axiv,641 aNone